书目信息 |
| 题名: |
机器70年
|
|
| 作者: | 徐曦 著 | |
| 分册: | ||
| 出版信息: | 北京 人民邮电出版社 2017.03 |
|
| 页数: | 208页 | |
| 开本: | 24cm | |
| 丛书名: | ||
| 单 册: | ||
| 中图分类: | G301 , TP393.4 | |
| 科图分类: | ||
| 主题词: | 计算机网络--ji suan ji wang luo--影响--社会生活--研究 | |
| 电子资源: | ||
| ISBN: | 978-7-115-44340-3 | |
| 000 | 01218nam0 2200277 450 | |
| 001 | CAL 0120172139858 | |
| 005 | 20171211154845.43 | |
| 010 | @a978-7-115-44340-3@b@dCNY55.00 | |
| 100 | @a20170321d2017 em y0chiy50 ea | |
| 101 | 0 | @achi |
| 102 | @aCN@b110000 | |
| 105 | @aa z 000yy | |
| 106 | @ar | |
| 200 | 1 | @a机器70年@Aji qi 70 nian@e互联网、大数据、人工智能带来的人类变革@f徐曦著@g |
| 210 | @a北京@c人民邮电出版社@d2017.03 | |
| 215 | @a208页@c图@d24cm | |
| 314 | @a徐曦, 科技专栏作家, 科技和社会文化学者, 新科技革命的前沿思考者。 | |
| 330 | @a这是一本对科技未来发展有预测性解释的读本。书中对当前主流、热门的新科技变革进行了解读。作者引用历史材料, 将新技术的革命放到发展的历史脉络中对照观察, 描绘、解答数字社会中的变迁。本书真实记录了互联网、大数据、人工智能、虚拟现实和增强现实等新技术对社会的改造, 是一本了解新技术革命的优秀读物。 | |
| 517 | 1 | @a互联网、大数据、人工智能带来的人类变革@Ahu lian wang 、da shu ju 、 ren gong zhi neng dai lai de ren lei bian ge |
| 606 | 0 | @a计算机网络@Aji suan ji wang luo@x影响@x社会生活@x研究 |
| 690 | @aG301@v5 | |
| 690 | @aTP393.4@v5 | |
| 701 | 0 | @a徐曦@Axu xi@4著 |
| 801 | 0 | @aCN@b人天书店@c20170321@g |
| 905 | @aBZT@dG301@e20 | |
| 906 | @dCNY55.00@n3@r1 | |
| 机器70年:互联网、大数据、人工智能带来的人类变革/徐曦著.-北京:人民邮电出版社,2017.03 |
| 208页:图;24cm |
| ISBN 978-7-115-44340-3:CNY55.00 |
| 这是一本对科技未来发展有预测性解释的读本。书中对当前主流、热门的新科技变革进行了解读。作者引用历史材料, 将新技术的革命放到发展的历史脉络中对照观察, 描绘、解答数字社会中的变迁。本书真实记录了互联网、大数据、人工智能、虚拟现实和增强现实等新技术对社会的改造, 是一本了解新技术革命的优秀读物。 |
| ● |
| 相关链接 |
|
|
|
正题名:机器70年
索取号:G301/20
 
预约/预借
| 序号 | 登录号 | 条形码 | 馆藏地/架位号 | 状态 | 备注 |
| 1 | 834968 | 2000834968 | 第二书库/ [索取号:G301/20] | 在馆 | |
| 2 | 834969 | 2000834969 | 第二书库/ [索取号:G301/20] | 在馆 | |
| 3 | 834970 | 2000834970 | 第二书库/ [索取号:G301/20] | 在馆 |